energy science :princples, technologies, and impacts (Record no. 14282)
[ view plain ]
| 000 -LEADER | |
|---|---|
| fixed length control field | 00428nam a22001577a 4500 |
| 003 - CONTROL NUMBER IDENTIFIER | |
| control field | OSt |
| 008 - FIXED-LENGTH DATA ELEMENTS--GENERAL INFORMATION | |
| fixed length control field | 241029b |||||||| |||| 00| 0 eng d |
| 020 ## - INTERNATIONAL STANDARD BOOK NUMBER | |
| ISBN | 9780199582853 |
| 082 ## - DEWEY DECIMAL CLASSIFICATION NUMBER | |
| Classification number | 621.47 |
| Item number | AND/ES |
| 100 ## - MAIN ENTRY--AUTHOR NAME | |
| Personal name | Andrews,John |
| -- | Jelley,Nick |
| 245 ## - TITLE STATEMENT | |
| Title | energy science :princples, technologies, and impacts |
| 250 ## - EDITION STATEMENT | |
| Edition statement | Indian Edition |
| 260 ## - PUBLICATION, DISTRIBUTION, ETC. (IMPRINT) | |
| Place of publication | New York |
| Name of publisher | Oxford University Press |
| Year of publication | 2011 |
| 300 ## - PHYSICAL DESCRIPTION | |
| Number of Pages | 328 |
| 942 ## - ADDED ENTRY ELEMENTS (KOHA) | |
| Koha item type | Books |
| Withdrawn status | Lost status | Damaged status | Collection code | Home library | Current library | Shelving location | Date acquired | Source of acquisition | Cost, normal purchase price | Full call number | Accession Number | Koha item type |
|---|---|---|---|---|---|---|---|---|---|---|---|---|
| KAUAET | KAUAET | Shelf- 7A | 13/06/2016 | Cosmo Book House, Calicut | 325.00 | 621.47 AND/ES | 24335 | Books | ||||
| KAUAET | KAUAET | Shelf- 7A | 21/06/2016 | Aman Book Stall Calicut | 410.00 | 621.47 AND/ES | 24643 | Books |
